000 00848nam a2200241 i 4500
001 134580
003 ES-MaACL
005 20251116063108.0
007 t|
008 070912s1972 xxk ||||1| eng d
020 _a090041562
080 _a821.134.2
100 1 _aRojas, Fernando de,
_dca. 1470-1541
_999042
240 1 3 _aLa Celestina.
_lInglés
245 1 0 _aCelestine or the tragick-comedie of Calisto and Melibea /
_cFernando de Rojas ; translated by James Mabbe.
260 _aLondon :
_bTamesis Books,
_c[1972]
300 _a268 p. ;
_c24 cm.
490 1 _aColección Támesis. Serie B. Textos ;
_v14
700 1 _aMabbe, James (
_d1572-1642)
_974995
830 1 _aColección Támesis. Serie B. Textos ;
_v14
_9219860
852 4 _aES-MaACL
_jE-12116
_z- Biblioteca Jacinto Martínez Lacalle
999 _c134580
_d134580